00477nam a2200157Ia 4500003000900000008004100009040001600050080001500066100002200081245011500103260003500218300001600253650001900269650001900288650001200307IN-BaIIA211028s9999 xx 000 0 eng d cIIA Library a530.1bJAU aJauncey, G. E. M. 0aModern physicsba second course in college physicscG. E. M Jauncey  aLondonbChapman and Hallc1933 axvii, 568p. aModern physics aNASA Thesaurus aPhysics